| 000 | 00405 a2200121 4500 | ||
|---|---|---|---|
| 001 | ART_9824 | ||
| 005 | 20260410161839.0 | ||
| 008 | 260409a | ||
| 245 | 1 | 0 | _aEl uso de técnicas C.V.U. en apoyo de decisiones alternativas |
| 100 | 1 | _aYardin, Amaro Ramón | |
| 700 | 1 | _aRodríguez Jauregui, Hugo A. | |
| 773 | 0 |
_tContabilidad y administración _g- Año 6, Nº 72 (jun. 1983) _wREV5485 |
|
| 999 |
_c23892 _d23892 |
||